Quizzes
Events
Quiz Creation
Community
Videos
Private Events
Remove Ads
Sign In
Join for FREE
Feedback
Dark Mode
Quiz Categories
Sports
Geography
Music
Movies
Television
Just For Fun
Miscellaneous
History
Literature
Language
Science
Gaming
Entertainment
Religion
Holiday
For Kids
Quiz Lab
Recent
Popular Today
Quiz Kudos Today
Editor Picks
Curator Picks
Quizzes by...
Day
Popularity
Type
Ratings
Length
Year
Community
Subscriptions
Recent Discussions
Orange Saloon
Badges
Playlists
Quests
Create
Leaderboards
Showdown
Live 5
Trivia Bingo
Activity
Puzzle Library
Sporcle Events
Private Events
Virtual Trivia
Globe League
Become a Host
Pub Owners
SporcleCon
Opinionation
Our Games
Videos
Blog
Mobile Apps
Partnerships
Remove Ads and Go Orange
Feedback
Sports
Athletes
MLB
NBA
NHL
NFL
Soccer
Sports Teams
WWE
NCAA
Football
Premier League
Basketball
Baseball
Hockey
Golf
Tennis
Cricket
Rugby
Auto Racing
Olympics
World Cup
Sports
Athletes
MLB
NBA
NHL
NFL
Soccer
Sports Teams
WWE
NCAA
Football
Premier League
Basketball
Baseball
Hockey
Golf
Tennis
Cricket
Rugby
Auto Racing
Olympics
World Cup
Random Quiz
Search Sporcle
×
Quiz Lab
Quiz Lab
Sports
Football
Type in answers that appear in a list
Type in answers that appear in a list
Classic
Best Score? Go Orange.
Mystery XI (Premier League) Stats
Can you name these players and remember their careers?
By
cymbalrush84
8m
112 Questions
589 Plays
589 Plays
589 Plays
Comments
Comments
Give Quiz Kudos
Give Quiz Kudos
-
- Ratings
hide this ad
More Info
Replay
Link that replays current quiz
Next Quiz
Link to next quiz in quiz playlist
You Got
0%
They Got
Avg Score
43%
Avg Friend Score
Upgrade to see
Score Distribution
Jump to the score distribution portion of the page
Score
0/112
Timer
08:00
0
Plays Today
Answer
% Correct
English
95.1%
Manchester City
92.8%
Chelsea
92.5%
Chelsea
92.5%
Chelsea
92.5%
Arsenal
92%
Liverpool
90.3%
Liverpool
90.3%
Liverpool
90.3%
Liverpool
90.3%
French
89.6%
Internazionale
86.4%
Internazionale
86.4%
Internazionale (loan)
86.4%
Internazionale
86.4%
AC Milan
85%
Juventus
84.2%
Tottenham Hotspur
77%
Dutch
76.3%
Argentinian
73.3%
Irish
72.2%
Celtic
69.5%
Celtic
69.5%
Celtic
69.5%
Barcelona
69.5%
Patrick Vieira
68.3%
AC Milan (loan)
68.3%
Newcastle United
66.8%
Aston Villa
65.6%
Leeds United (loan)
64.9%
Leeds United
64.9%
Hernan Crespo
64.7%
Manchester City
60.1%
West Ham United
59.8%
West Ham United
59.8%
Fulham
58.8%
Fulham
58.8%
Sunderland
57.9%
Answer
% Correct
Lazio
57.1%
Middlesbrough
56%
Middlesbrough
56%
Middlesbrough (loan)
56%
Middlesbrough
56%
Marseille
55.5%
Ajax
54.7%
Parma
53.8%
Parma
53.8%
American
53.5%
Blackburn Rovers
50.1%
Blackburn Rovers
50.1%
Blackburn Rovers
50.1%
Blackburn Rovers (loan)
50.1%
Southampton (loan)
49.6%
Southampton (loan)
49.6%
Boudewijn Zenden
48.7%
Australian
47.2%
Mark Viduka
46.5%
Steve Finnan
46.2%
Danish
44.8%
Leicester City
43.3%
PSV Eindhoven
43.3%
Kasey Keller
37.5%
Birmingham City
37%
Birmingham City
37%
Portsmouth
36.8%
Portsmouth
36.8%
Jesper Grønkjær
33.4%
Galatasaray
32%
Swiss
30.5%
Wigan Athletic
27.9%
Stéphane Henchoz
26.7%
River Plate
26.4%
Cameroonian
25.4%
Derby County (loan)
24.7%
Atlético Madrid
22.3%
Dinamo Zagreb
21.5%
Answer
% Correct
Rigobert Song
19.6%
Genoa
17.7%
Sheffield United
17.2%
Cardiff City (loan)
17%
Blackpool
15.2%
Sheffield United (loan)
15.2%
Cannes
14.8%
Espanyol
14%
Millwall
12.6%
VfB Stuttgart
12.4%
Hamburger SV
12.1%
RC Lens
10.9%
Israeli
10.7%
Alan Wright
9.2%
Eyal Berkovic
9.2%
Metz
8.3%
Borussia Monchengladbach
7.5%
Trabzonspor
6.1%
FC Copenhagen
5.3%
Notts County (loan)
4.6%
Notts County
4.6%
1. FC Köln (loan)
4.6%
Rayo Vallecano
3.9%
Maccabi Haifa
3.9%
Nottingham Forest (loan)
3.7%
Seattle Sounders
3.4%
AaB
3.2%
Maccabi Tel Aviv
2.7%
Doncaster Rovers (loan)
2%
Welling United
1.9%
Salernitana
1.9%
Melbourne Knights
1.2%
Portland Timbers
0.9%
Fleetwood Town
0.9%
Neuchatel Xamax
0.7%
Cheltenham Town
0.3%
Quiz Playlist
Details
Report
Send in Message
Add To Playlist
More Info:
Clubs are from the same country as the player unless stated.
Classic:
Type in answers that appear in a list
Last Updated: Feb 16, 2017
Quiz Scoreboard
CHALLENGE
Sign Up to Join the Scoreboard
Show All
Scores
Hide
Comments
May contain spoilers
Recently Published
9x9 Crossword: Cartoon Network
by jackfrog10
Miscellaneous
3m
College Basketball Coaching Resumes
by pancakes188
Sports
9m
Billboard Blitz: Fleetwood Mac
by CooCooCachoo
Music
15s
More to Explore
Quiz From the Vault
Featured Blog Post
Where Did the Easter Bunny Come From?
hide this ad
You Might Also Like...
Tags
Football Quiz
Premier League Quiz
Today's Top Quizzes in Sports
Browse Sports
hide this ad
Today's Top Quizzes in Football
Browse Football
Top Contributed Quizzes in Sports
1
2022 World Cup Stars
2
Les meilleurs buteurs des matchs entre le PSG et l’OM
3
FIFA Club World Cup Champions
4
Les entraîneurs de l'OM et du PSG au 21e siècle
5
Criteria MLB: Left Handed Sluggers
6
AFC Teams Reveal (Wrong Answers Minefield)
7
2023 MLB Unique Player Accomplishments
8
5-to-1: FBS Animal Nicknames
9
Players with Multiple 50 Home Run Seasons
10
5-to-1: UK Sports Teams
Explore More
Trending Topics
NBA
Marvel
Disney
Crossword
Kpop
Anime
Harry Potter
Soccer
Puzzle
NFL
The Office
Pokémon
WWE
Song
Country
hide this ad
More By:
cymbalrush84
Quiz
Plays
Rating
Category
Featured
Created
All-time Premier League XI by nationality
4,453
3.40
Sports
Mar 24, 2014
Name all Premier League managers since 1992
2,234
4.25
Sports
Dec 30, 2009
All-time Premiership XI by club
1,241
4.63
Sports
Feb 12, 2014
England internationals who played for Rangers (1985-90)
961
4.67
Sports
Sep 1, 2016
English clubs in European finals (minefield)
795
3.42
Sports
Feb 4, 2014
Go to Creator's Profile
Score Distribution
Quiz Creator Spotlight
cymbalrush84
Follow
Send a Message
Quizzes Created
-
Created Quiz Play Count
-
More By This Creator
Popular Quizzes Today
1
Find the US States - No Outlines Minefield
2
Find the Countries of Europe - No Outlines Minefield
3
The Countries of the World
4
Find the US States
5
Risky Map Clicking: Biggest States A-Z
6
US States
7
Popular People in 1961
8
Movies - When Are They Set?
More Sports Quizzes
All Germany Players since 2000
Quiz Lab
Trending Quizzes
Risky Map Clicking: Least Populous States A-Z
1-10 Letter G Words
1-10 Letter F Words
Risky Map Clicking: Next State Alphabetically
Adjectives in 80s TV Shows
Recently Updated
Leaping Animals
pecheneg
Reality TV Shows (A-Z)
bhenderson79
Rickey Henderson's Hall of Fame Teammates
pecheneg
Champions League XIs: Arsenal
pecheneg
Quick Pick: Celebrities in WWE's Hall of Fame
aduchscher
A-Z Keypad Blitz II
pecheneg
Multiple Oscar Actors
pecheneg
Mystery Phrase Blitz: Oscar 'Best Actors'
pecheneg
F. Scott Fitzgerald Novels
LTH
Pick 3 Villains
ddd62291
Trending Topics
Harry Potter
NBA
Kpop
Anime
Crossword
Marvel
Disney
Soccer
Puzzle
WWE
Pokémon
NFL
Song
The Office
Country
Your Account Isn't Verified!
In order to create a playlist on Sporcle, you need to verify the email address you used during registration. Go to your
Sporcle Settings
to finish the process.
Report this User
Report this user for behavior that violates our
Community Guidelines
.
Details:
Send Report
Go to the Sporcle.com Mobile Site →
Comments